213 Bus Route Quiz UK - Statistics

General Stats
  • This quiz has been taken 4 times
  • The average score is 38 of 45
Answer Stats
Answer % Correct
Blakes Lane
100%
Cheam Broadway
100%
Kingston Hospital
100%
Lyndhurst Drive
100%
Malden Green Avenue
100%
Motspur Park
100%
New Malden High Street
100%
New Malden Station
100%
New Malden, the Fountain
100%
Plough Green
100%
St James Church, Kingston By-Pass
100%
Sutton, Grove Road
100%
Sutton Police Station
100%
The Triangle
100%
Woodbine Lane
100%
Worcester Park Station
100%
Benhill Avenue
75%
Brabham Court
75%
Cheam Road, Gander Green Lane
75%
Coombe Girls School
75%
Fairfield Bus Station
75%
Gloucester Road
75%
Gordon Road
75%
Kenley Road
75%
Langley Grove
75%
Lindsay Road
75%
Longfellow Road
75%
Lumley Road
75%
Malden Road, Priory Road
75%
Manor Gate Road
75%
Manor Place
75%
Norbiton Church, Tiffin Boys School
75%
North Cheam, London Road
75%
Oak Road
75%
Queens Road, Kingston Hospital
75%
Sherwood Park Road
75%
St Dunstan's Hill
75%
Sutton Bus Garage
75%
Sutton Green
75%
Sutton Park Road
75%
Sycamore Grove
75%
Tilehurst Road
75%
Times Square
75%
Wellington Avenue
75%
High Street, Marshalls Road
50%
No matching quizzes found
Score Distribution
Percent of People with Each Score
Percentile by Number Answered
Your Score History
You have not taken this quiz